000 00359nam a2200145Ia 4500
008 230917s9999||||xx |||||||||||||| ||und||
040 _e35236
_aMAIN
041 _aEnglish
082 _a346.023 S41L
100 _aSujan, M A
245 0 _aLaw relating to building contracts
260 _aDelhi
_bUniversal Book
_c1990
300 _axxiv, 455 p.
942 _cBK
999 _c64391
_d64391